Vizualizácia podnikových dát v riadení podniku bakalárska práca

Saved in:
Bibliographic Details
Main Author: Vatolík, Martin
Corporate Author: Fakulta podnikového manažmentu EU. Katedra informačného manažmentu
Other Authors: Bolek, Vladimír, 1988-
Format: Book
Language:Slovak
Published: Bratislava 2021
Tags: Add Tag
No Tags, Be the first to tag this record!

MARC

LEADER 00000nbm a2200000 4500
001 0275608
005 20211104095418.5
041 0 |a slo 
044 |a SK 
245 1 0 |a Vizualizácia podnikových dát v riadení podniku  |b bakalárska práca  |c Martin Vatolík ; školiteľ: Vladimír Bolek 
264 1 |a Bratislava  |c 2021 
300 |a 59 s. 
100 1 |a Vatolík, Martin 
700 1 |a Bolek, Vladimír, 1988- 
710 2 |a Fakulta podnikového manažmentu EU. Katedra informačného manažmentu